| 000 | 00480cam a22001571a 4500 | ||
|---|---|---|---|
| 082 |
_a820 _bCON _cL-29, P-11 |
||
| 100 | 1 |
_aKnoll, Robert E. _945929 |
|
| 245 | 1 | 0 |
_aContrasts : _bidea and technique / _cedited by Robert E. Knoll. |
| 260 |
_aNew York : _bHarcourt, Brace, _cc1955. |
||
| 300 | _a575 p. ; 22 cm. | ||
| 526 |
_a0 _b0 _c0 _d820_000000000000000_CON |
||
| 650 | 0 |
_aAmerican literature. _945905 |
|
| 650 | 0 |
_aEnglish literature. _9318 |
|
| 650 | 0 |
_aMCE _9379 |
|
| 942 |
_2ddc _cBK |
||
| 999 |
_c549323 _d549323 |
||